Подробности
| 000 -МАРКЕР |
| контрольное поле |
02505nam0a2200385 4500 |
| 001 - ИДЕНТИФИКАТОР ЗАПИСИ |
| контрольное поле |
RU\NLR\bibl\113682 |
| 005 - ИДЕНТИФИКАТОР ВЕРСИИ |
| контрольное поле |
20260408190810.0 |
| 010 ## - МЕЖДУНАРОДНЫЙ СТАНДАРТНЫЙ НОМЕР КНИГИ (ISBN) |
| Номер (ISBN) |
5-89630-014-Х |
| 021 ## - НОМЕР ГОСУДАРСТВЕННОЙ РЕГИСТРАЦИИ |
| Код страны |
российская федерация |
| Номер |
2000-23041 |
| Номер Листа государственной регистраци |
1091 |
| 035 ## - ДРУГИЕ СИСТЕМНЫЕ НОМЕРА |
| Идентификатор записи |
(NLR Aleph) 000111292 |
| 100 ## - ДАННЫЕ ОБЩЕЙ ОБРАБОТКИ |
| Данные общей обработки |
20001019d2000 u y0rusy50 ca |
| 101 0# - ЯЗЫК РЕСУРСА |
| Язык текста, звукозаписи и т.д. |
русский |
| 102 ## - СТРАНА ПУБЛИКАЦИИ ИЛИ ПРОИЗВОДСТВА |
| Страна публикации |
российская федерация |
| 105 ## - ПОЛЕ КОДИРОВАННЫХ ДАННЫХ: ТЕКСТОВЫЕ МАТЕРИАЛЫ, МОНОГРАФИЧЕСКИЕ |
| Кодированные данные о монографическом текстовом документе |
a ||||||||| |
| 200 1# - ЗАГЛАВИЕ И СВЕДЕНИЯ ОБ ОТВЕТСТВЕННОСТИ |
| Основное заглавие |
Новейшие средства защиты органов дыхания и кожи |
| Сведения, относящиеся к заглавию |
(Все о противогазах, респираторах и защит. одежде) |
| -- |
Учеб. пособие для подгот. руководящего и команд. состава объектов пром-сти, сел. хоз-ва, орг., учреждений, учеб. заведений, бойцов формирований всех спец., преподавателей ОБЖ, учеб.-метод. центров и курсов ГО, рабочих, служащих и всего остал. населения по тематике ГО и ЧС |
| Первые сведения об ответственности |
[Вознесенский Валерий Викторович, Зайцев Алексей Петрович] |
| 210 ## - ПУБЛИКАЦИЯ, РАСПРОСТРАНЕНИЕ И ДР. |
| Место издания, распространения и т.д. |
М. |
| Имя издателя, распространителя и т. д. |
Ред. журн."Воен. знания" |
| Дата издания, распространения и т.д. |
2000 |
| 215 ## - ФИЗИЧЕСКАЯ ХАРАКТЕРИСТИКА |
| Специфическое обозначение материала и объем |
77 с. |
| Другие сведения о физической характеристике |
ил. |
| Размеры |
20 |
| 225 1# - СЕРИЯ |
| Основное заглавие серии |
Библиотечка журнала "Военные знания" |
| 606 0# - НАИМЕНОВАНИЕ ТЕМЫ КАК ПРЕДМЕТ |
| Наименование темы |
Противогазы |
| Формальный подзаголовок |
Руководства, пособия и т.п. |
| Системный номер авторитетной/нормативной записи |
957754 |
| Идентификатор авторитетной/нормативной записи |
RU\NLR\auth\66357183 |
| 606 0# - НАИМЕНОВАНИЕ ТЕМЫ КАК ПРЕДМЕТ |
| Наименование темы |
Противогазы |
| Формальный подзаголовок |
Учебные издания |
| Системный номер авторитетной/нормативной записи |
957754 |
| Идентификатор авторитетной/нормативной записи |
RU\NLR\auth\66357183 |
| 606 0# - НАИМЕНОВАНИЕ ТЕМЫ КАК ПРЕДМЕТ |
| Наименование темы |
Защитная одежда |
| Формальный подзаголовок |
Руководства, пособия и т.п. |
| Системный номер авторитетной/нормативной записи |
2079613 |
| Идентификатор авторитетной/нормативной записи |
RU\NLR\auth\661255503 |
| 606 0# - НАИМЕНОВАНИЕ ТЕМЫ КАК ПРЕДМЕТ |
| Наименование темы |
Защитная одежда |
| Формальный подзаголовок |
Учебные издания |
| Системный номер авторитетной/нормативной записи |
2079613 |
| Идентификатор авторитетной/нормативной записи |
RU\NLR\auth\661255503 |
| 606 ## - НАИМЕНОВАНИЕ ТЕМЫ КАК ПРЕДМЕТ |
| Наименование темы |
Респираторы (техн.) |
| Формальный подзаголовок |
Руководства, пособия и т.п. |
| Идентификатор авторитетной/нормативной записи |
RU\NLR\auth\661256088 |
| Системный номер авторитетной/нормативной записи |
2080173 |
| 606 ## - НАИМЕНОВАНИЕ ТЕМЫ КАК ПРЕДМЕТ |
| Наименование темы |
Респираторы (техн.) |
| Формальный подзаголовок |
Учебные издания |
| Идентификатор авторитетной/нормативной записи |
RU\NLR\auth\661256088 |
| Системный номер авторитетной/нормативной записи |
2080173 |
| 686 ## - ИНДЕКСЫ ДРУГИХ КЛАССИФИКАЦИЙ |
| Индекс |
Ц581.621я7-1 |
| 686 ## - ИНДЕКСЫ ДРУГИХ КЛАССИФИКАЦИЙ |
| Индекс |
Ж.н605.3я7-1 |
| 700 #1 - ИМЯ ЛИЦА - ПЕРВИЧНАЯ ОТВЕТСТВЕННОСТЬ |
| Начальный элемент ввода |
Вознесенский |
| Часть имени, кроме начального элемента ввода |
В. В. |
| Расширение инициалов личного имени |
Валерий Викторович |
| Код отношения |
Автор |
| 701 #1 - ИМЯ ЛИЦА - АЛЬТЕРНАТИВНАЯ ОТВЕТСТВЕННОСТЬ |
| Код отношения |
Автор |
| Материалы, к которым относится поле |
rus |
| Графика поля |
Кириллица |
| Начальный элемент ввода |
Зайцев |
| Часть имени, кроме начального элемента ввода |
А. П. |
| Расширение инициалов личного имени |
Алексей Петрович |
| Дополнения к именам, кроме дат |
специалист по ГО |
| Идентификатор авторитетной/нормативной записи |
RU\NLR\auth\777061 |
| Системный номер авторитетной/нормативной записи |
117001 |
| 801 #0 - ИСТОЧНИК ЗАПИСИ |
| Страна |
российская федерация |
| Организация |
NLR |
| Дата составления |
20001019 |
| Правила каталогизации |
PSBO |
| 801 #1 - ИСТОЧНИК ЗАПИСИ |
| Страна |
российская федерация |
| Организация |
NLR |
| Дата составления |
20001019 |
| 852 ## - МЕСТОНАХОЖДЕНИЕ И ШИФР ХРАНЕНИЯ |
| Идентификатор организации |
NLR |
| Шифр хранения (Call Number) |
2000-4/6142 |
| 942 ## - ДОПОЛНИТЕЛЬНЫЕ ЭЛЕМЕНТЫ ЗАПИСИ (АБИС) |
| Тип экземпляра АБИС |
Книга |
| 980 ## - КОЛЛЕКЦИЯ |
| Название коллекции |
Национальная библиография |